000 00514nam a2200193Ia 4500
003 GCL
008 140319s9999 xx 000 0 eng d
040 _aGCL /
_cGCL
082 0 4 _a944.06
_bR M
100 1 _aROSONVALLON, PIERRE
245 1 0 _aLA MONARCHIE IMPOSSIBLE: LES CHARTES DE 1814 ET DE 1830 /
_cROSONVALLON, PIERRE
260 _a[S.N] :
_bFAYARD ،
_c1994
300 _a376 P
650 0 4 _aFRANCE - HISTORY
650 0 4 _aHISTORY
650 0 4 _aCHARTERS
650 0 4 _aFRENCH HISTORY
942 _2ddc
_cBK
999 _c24753
_d24753